Представление документа в формате MARC21

Поле Инд. ПП Название Значение
Тип записи a
Библиографический уровень m
001 Контрольный номер UNIDUBNAacd991ae68e2496ebf7a66a8dc66d707
005 Дата корректировки 20260529163842.5
008 Кодируемые данные 20260529
022 a ISSN 0130-6545
084 a Индекс другой классификации/Индекс ББК 84
090 a Полочн. индекс 95.2
099 a Индекс 70394
245 a Заглавие Иностранная литература
n Номер части/ раздела №5/2026
b Продолж. заглавия ежемесячный литературно-художественный журнал
c Ответственность гл. ред. А. Я. Ливергант
260 c Дата издания 2026
b Издательство Иностранная литература
a Место издания Москва
300 a Объем 288 с.
500 a Примечание Журнал
650 a Основная рубрика художественная литература
773 w Контрольный № источника RU/IS/BASE/411244463
901 t Тип документа s
952 a Тип литературы для КСУ ВШ ЛХЖ
991 s 6